000 01050nam a2200265Ia 4500
003 OSt
005 20220923211558.0
006 a|||||r|||| 00| 0
007 ta
008 220922b |||||||| |||| 00| 0 hin d
020 _a9789386319616 (hbk)
_c1295
024 _a348,257
037 _b243, 16/01/2019, Eastern Book Linkers
_cTextual
040 _aARTS
_cARTS
_bhin
041 _2hin
_ahin
082 _aY:1.2, 152Q7
100 _aसलारिया, महेन्द्र प्रसाद, ले.
_9160858
245 0 _aभारतीय संस्कृति का स्वरूप
246 _aBhāratīya sanskṛuti kā svarūpa
260 _aजयपुर
_b पैराडाइज पब्लिशर्स
_c2017
300 _a213पृ.
_ccm.
650 _aभारतीय संस्कृति
_9157954
942 _hY:1.2, 152Q7
_cTEXL
_2CC
999 _c300981
_d300981